000 00818nam a2200265Ia 4500
001 dia_225
003 CHAP
005 20221208121812.0
008 220117s1977 xx 000 0 und d
010 _a170653
040 _cCHAP
082 _a334.683 F47 1977
100 _aFernández y Fernández, Ramón
_940322
245 _aLas formas de cooperación y de integración en la agricultura /
_c Ramón Fernández y Fernández
260 _aMéxico :
_b ENA, Colegio de Postgraduados,
_c1977
300 _a93 h.
503 _aC/e
504 _aBibliografía: h. 89-94
650 _aAgricultura colectiva
_9147608
650 _aAgricultura cooperativa
_91945
901 _a334.683 F47 1977
902 _aM
905 _a0000001977 mx x 0000000000SPA00
942 _cLIBRO
_2ddc
999 _c170653
_d170653